Clubs de Top 14 - Statistiques

Statistiques générales
  • Ce quiz a été pris 206 fois
  • Le résultat moyen est 12 sur 14
Statistiques - réponses
Réponse % Correct
Stade Toulousain
98%
Stade Français Paris
95%
Rugby Club Toulonnais
92%
Union Bordeaux-Bègles
91%
Lyon OU
88%
Racing 92
88%
Aviron Bayonnais
87%
Stade Rochelais
85%
Section Paloise
82%
USA Perpignan
81%
ASM Clermont
79%
Montpellier Herault Rugby
78%
Rugby Club Vannes
74%
Castres Olympique
70%
Aucun quiz correspondant
Distribution des résultats
% des personnes avec chaque résultat
Percentile par nombre de réponses
Votre historique - résultats
Vous n’avez pas pris ce quiz